Missing Word: 'R' Authors Quiz Stats

Quiz Updated Aug 31, 2016

Challenge
Share
Tweet
Embed
Score 0/20 Timer 03:00
0 Plays Today
Author Answer % Correct
J.K. _____Rowling
97%
_____ KiplingRudyard
93.9%
_____ Louis StevensonRobert
93.5%
Ayn _____Rand
89%
_____ DahlRoald
88.4%
L. _____ HubbardRon
87.4%
Salman _____Rushdie
85.2%
Edgar _____ BurroughsRice
75.4%
_____ ChandlerRaymond
63.9%
Philip _____Roth
60.4%
Author Answer % Correct
_____ WrightRichard
60.2%
Jean-Jacques _____Rousseau
45.4%
_____ RiordanRick
38.1%
Erich Maria _____Remarque
31.4%
Arundhati _____Roy
24.8%
Marjorie Kinnan _____Rawlings
21.2%
_____ WellsRebecca
20.5%
H. _____ HaggardRider
20.1%
Wilson _____Rawls
13.1%
Ishmael _____Reed
9.2%

Today's Daily Dose

Missing Word
1998 A-Z Movies

Word Ladder
5 Vowel Sounds

Quick Pick
Legal Terms

On This Day
June 25th II

You're not logged in!

Compare scores with friends on all Sporcle quizzes.
Join for Free
OR
Log In

You Might Also Like...

Show Comments

Extras

Top Quizzes Today


Score Distribution

Your Account Isn't Verified!

In order to create a playlist on Sporcle, you need to verify the email address you used during registration. Go to your Sporcle Settings to finish the process.

Report this User

Report this user for behavior that violates our Community Guidelines.

Details: